Ochrana hospodárskej súťaže v územnej samospráve

Článok sa zaoberá ochranou hospodárskej súťaže v územnej samospráve, niektorými formami nedovoleného obmedzovania hospodárskej súťaže, rozhodnutiami vo veci porušenia hospodárskej súťaže zo strany územnej samosprávy a tiež konaním vo veci ochrany hospodárskej súťaže a konaním o správnej žalobe.

Saved in:
Bibliographic Details
Main Author: Ukropec, Anton
Format: Book Chapter
Language:Slovak
Subjects:
Tags: Add Tag
No Tags, Be the first to tag this record!

MARC

LEADER 00000naa a2200000 4500
001 0305745
005 20241219095346.0
041 0 |a slo 
044 |a SK 
245 1 0 |a Ochrana hospodárskej súťaže v územnej samospráve  |c Anton Ukropec 
520 |a Článok sa zaoberá ochranou hospodárskej súťaže v územnej samospráve, niektorými formami nedovoleného obmedzovania hospodárskej súťaže, rozhodnutiami vo veci porušenia hospodárskej súťaže zo strany územnej samosprávy a tiež konaním vo veci ochrany hospodárskej súťaže a konaním o správnej žalobe. 
610 2 0 |a ochrana súťaže hospodárskej 
610 2 0 |a samospráva 
610 2 0 |a súťaž hospodárska 
610 2 0 |a žaloby 
610 2 0 |a právo správne 
100 1 |a Ukropec, Anton